La sainte bible (Record no. 152087)

MARC details
000 -LEADER
campo de control de longitud fija 00755nam a22002055i 4500
001 - NÚMERO DE CONTROL
campo de control 152087
003 - IDENTIFICADOR DE NÚMERO DE CONTROL
campo de control ES-MaACL
005 - FECHA Y HORA DE LA ÚLTIMA TRANSACCIÓN
campo de control 20230906204528.0
008 - DATOS DE LONGITUD FIJA--INFORMACIÓN GENERAL
campo de control de longitud fija 010117s1866 be |||| | fre d
040 ## - FUENTE DE CATALOGACIÓN
Centro catalogador/agencia de origen AN
Lengua de catalogación spa
Centro/agencia transcriptor AN
130 0# - ENTRADA PRINCIPAL--TÍTULO UNIFORME
Título uniforme Biblia.
Lenguaje de la obra Francés.
9 (RLIN) 119283
245 13 - MENCIÓN DEL TÍTULO
Título La sainte bible
Resto del título : qui contient le vieux et le nouveau testament /
Mención de responsabilidad, etc. revue sur les originaux par David Martin ; avec des paralleles.
260 ## - PUBLICACIÓN, DISTRIBUCIÓN, ETC.
Lugar de publicación, distribución, etc. Bruxelles :
Nombre del editor, distribuidor, etc. au dépot de la Société Biblique Britannique et Étrangère,
Fecha de publicación, distribución, etc. 1866 (
Fabricante Imprimerie de J.B. Schilders)
300 ## - DESCRIPCIÓN FÍSICA
Extensión [4], 1331 p. ;
Dimensiones 28 cm.
597 ## - NOTA DE DESCRIPCIÓN FÍSICA
NOTA DE DESCRIPCIÓN FÍSICA Antep.
597 ## - NOTA DE DESCRIPCIÓN FÍSICA
NOTA DE DESCRIPCIÓN FÍSICA Texto a dos col.
700 0# - ENTRADA AGREGADA--NOMBRE PERSONAL
Nombre de persona Martin, David.
9 (RLIN) 77281
852 ## - LOCALIZACIÓN
Ubicación ES-MaACL
Número de control de estantería G-10614
Nota libre -- Enc. piel grab. con hierros
Holdings
Estatus retirado Estado de pérdida Estado de daño No para préstamo Colección Biblioteca de origen Biblioteca actual Ubicación en estantería Fecha de adquisición Fuente de adquisición Total de préstamos Signatura topográfica completa Código de barras Visto por última vez Precio de reemplazo Tipo de ítem Koha
        Libros del s. XIX Biblioteca del Ateneo de Madrid Biblioteca del Ateneo de Madrid Sala Pecera Planta 3 17/01/2008     G-10614 1158755 23/02/2023 23/02/2023 Libro impreso antiguo